National Newspapers of the UK - Statistics

General Stats
  • This quiz has been taken 274 times
  • The average score is 9 of 15
Answer Stats
Answer % Correct
The Sun
94%
The Times
92%
The Daily Mail
89%
The Guardian
89%
The Daily Mirror
76%
The Daily Telegraph
72%
The Daily Star
68%
i
67%
Financial Times
66%
The Daily Express
66%
Metro
61%
The Observer
44%
Sunday People
14%
Morning Star
13%
Eastern Eye
0%
No matching quizzes found
Score Distribution
Percent of People with Each Score
Percentile by Number Answered
Your Score History
You have not taken this quiz